| 000 | 01927cam a22003974a 4500 | ||
|---|---|---|---|
| 001 | 14976469 | ||
| 005 | 20101021160814.0 | ||
| 008 | 070821s2008 nyua b 001 0 eng | ||
| 010 | _a 2007034873 | ||
| 016 | 7 |
_a101314694 _2DNLM |
|
| 016 | 7 |
_a014015439 _2Uk |
|
| 020 | _a0071496785 | ||
| 020 | _a9780071496780 | ||
| 040 |
_aDLC _cDLC |
||
| 042 | _apcc | ||
| 082 |
_222 _a615.855 _bCHE |
||
| 100 | 1 |
_aCheever, Kerry H. _923980 |
|
| 245 | 1 | 0 |
_aI.V. Therapy Demystified / _cKerry H. Cheever. |
| 246 | 3 | _aIV therapy demystified | |
| 246 | 3 | _aIntravenous therapy demystified | |
| 260 |
_aNew York : _bMcGraw-Hill Medical, 2008 _cc2008. |
||
| 300 |
_axvii, 249 p. : _bill. ; _c24 cm. |
||
| 490 | 1 |
_aDemystified _923981 |
|
| 500 | _a"A self-teaching guide"--Cover. | ||
| 504 | _aIncludes bibliographical references (p. [233]-237) and index. | ||
| 505 | 0 | _aIntroduction to intravenous therapy -- Fluids and electrolytes -- Intravenous therapy delivery systems -- Peripheral intravenous therapy -- Central intravenous therapy -- Intravenous therapy and the nursing process -- Crystalloid solutions -- Colloid solutions -- Blood component therapy -- Parenteral nutrition therapy -- Intravenous pharmacologic therapy -- Intravenous therapy and infants and children -- Intravenous therapy and the older adult -- Intravenous therapy within community-based settings. | |
| 541 | _aDr. Shahrazad ; | ||
| 650 | 0 |
_aIntravenous therapy. _923982 |
|
| 650 | 0 |
_aNursing. _923983 |
|
| 650 | 1 | 2 |
_aInfusions, Intravenous _xnursing. _923984 |
| 653 |
_bNUR _cMay2011 |
||
| 830 | 0 |
_aMcGraw-Hill "Demystified" series. _923985 |
|
| 942 |
_2ddc _cNRB |
||
| 999 |
_c15347 _d15347 |
||